| Tag |
First Indicator |
Second Indicator |
Subfields |
| LEADER |
00000cam a2200000Ia 4500 |
| 001 |
in00002010569 |
| 005 |
20151031144915.0 |
| 008 |
040824s1987 ru 000 1 rusod |
| 035 |
|
|
|a (OCoLC)ocm56337941
|
| 040 |
|
|
|a MIA
|c MIA
|d TXA
|d UtOrBLW
|
| 041 |
1 |
|
|a rus
|h chi
|
| 049 |
|
|
|a TXAM
|
| 090 |
|
|
|a PL2659.R8
|b V77 1987
|
| 245 |
0 |
0 |
|a Vstrecha v Lanʹchzhou :
|b kitaĭskie pisateli o molodezhi /
|c perevod s kitaĭskogo ; [sostavlenie, predislovie A. Zhelokhovt︠s︡eva].
|
| 264 |
|
1 |
|a Moskva :
|b Molodai︠a︡ gvardii︠a︡,
|c 1987.
|
| 300 |
|
|
|a 254 pages ;
|c 21 cm.
|
| 336 |
|
|
|a text
|b txt
|2 rdacontent
|
| 337 |
|
|
|a unmediated
|b n
|2 rdamedia
|
| 338 |
|
|
|a volume
|b nc
|2 rdacarrier
|
| 500 |
|
|
|a Translations from Chinese.
|
| 650 |
|
0 |
|a Chinese prose literature
|x Translations into Russian.
|
| 650 |
|
0 |
|a Youth in literature.
|
| 700 |
1 |
|
|a Zhelokhovt︠s︡ev, Alekseĭ Nikolaevich.
|
| 948 |
|
|
|a cataloged
|b h
|c 2004/12/2
|d c
|e tchubaryan
|f 1:57:32 pm
|
| 994 |
|
|
|a E0
|b TXA
|
| 999 |
|
|
|a MARS
|
| 999 |
f |
f |
|s e5f0ec4f-6750-3467-9e41-21ba51c065d3
|i 0ac1c1e4-4961-3e03-9c10-5e6fab117b53
|t 0
|
| 952 |
f |
f |
|p ric
|a Texas A&M University
|b Rellis Campus
|c Joint Library Facility
|d Remote Storage
|t 0
|e PL2659.R8 V77 1987
|h Library of Congress classification
|i unmediated -- volume
|m A14831634083
|
| 998 |
f |
f |
|a PL2659.R8 V77 1987
|t 0
|l Remote Storage
|